Every Stanley Cup Runner-Up, Ever - Statistics

General Stats
  • This quiz has been taken 13 times
  • The average score is 116 of 150
Answer Stats
Hint Answer % Correct
Chicago Blackhawks | Detroit Red Wings | Edmonton Oilers | +4 others Boston Bruins
100%
Montreal Canadiens | Tampa Bay Lightning Calgary Flames
100%
New Jersey Devils | Tampa Bay Lightning Dallas Stars
100%
Boston Bruins | Chicago Black Hawks | Montreal Canadiens | +3 others Detroit Red Wings
100%
Carolina Hurricanes | Florida Panthers | New York Islanders Edmonton Oilers
100%
Colorado Avalanche | Vegas Golden Knights Florida Panthers
100%
Calgary Flames | Detroit Red Wings | Seattle Metropolitans | +4 others Montreal Canadiens
100%
Boston Bruins | Detroit Red Wings | Los Angeles Kings | +2 others New York Rangers
100%
Chicago Blackhawks | Detroit Red Wings | Edmonton Oilers | +2 others Philadelphia Flyers
100%
Detroit Red Wings Pittsburgh Penguins
100%
Pittsburgh Penguins San Jose Sharks
100%
Chicago Blackhawks | Colorado Avalanche Tampa Bay Lightning
100%
Boston Bruins | New York Islanders | New York Rangers Vancouver Canucks
100%
Pittsburgh Penguins | Toronto Maple Leafs Chicago Blackhawks
92%
Montreal Canadiens Chicago Black Hawks
92%
Montreal Canadiens Los Angeles Kings
92%
New Jersey Devils Mighty Ducks of Anaheim
92%
Colorado Avalanche | Los Angeles Kings New Jersey Devils
92%
Edmonton Oilers New York Islanders
92%
Anaheim Ducks | Vancouver Millionaires Ottawa Senators
92%
Boston Bruins | Chicago Black Hakws | Detroit Red Wings | +3 others Toronto Maple Leafs
92%
Detroit Red Wings Carolina Hurricanes
83%
Pittsburgh Penguins Nashville Predators
83%
Boston Bruins | Montreal Canadiens St. Louis Blues
83%
Dallas Stars | Philadelphia Flyers Buffalo Sabres
75%
Kenora Thistles | Ottawa Hockey Club (Silver Sevens) Montreal Wanderers
75%
Washington Capitals Vegas Golden Knights
75%
Montreal Wanderers Winnipeg Maple Leafs
75%
Montreal Wanderers | Ottawa Hockey Club (Senators) Edmonton Hockey Club (Thistles)
67%
Montreal Wanderers Kenora Thistles
67%
New York Islanders | Pittsburgh Penguins Minnesota North Stars
67%
New York Rangers Montreal Maroons
67%
Montreal Maroons Victoria Cougars
67%
Detroit Red Wings Washington Capitals
67%
Montreal Hockey Club (AAA Winged Wheelers) | Montreal Shamrocks | Montreal Victorias Winnipeg Victorias
67%
Quebec Bulldogs Moncton Victorias
58%
Winnipeg Victorias Montreal Shamrocks
58%
Ottawa Hockey Club (Silver Sevens) | Winnipeg Victorias Montreal Victorias
58%
Montreal Victorias Ottawa Capitals
58%
Montreal Wanderers Ottawa Hockey Club (Silver Sevens)
58%
Montreal Wanderers Ottawa Victorias
58%
Ottawa Hockey Club (Silver Sevens) Rat Portage Thistles
58%
Ottawa Senators | Toronto Arenas | Toronto St. Pats Vancouver Millionaires
58%
Quebec Bulldogs Sydney Millionaires
50%
Montreal Wanderers Toronto Hockey Club (Blueshirts)
42%
Ottawa Senators Seattle Metropolitans
33%
Montreal Hockey Club (AAA Winged Wheelers) Ottawa Hockey Club (Generals)
25%
Montreal Wanderers Berlin Dutchmen
17%
Montreal Canadiens Calgary Tigers
17%
Ottawa Senators Edmonton Eskimos
17%
Montreal Canadiens Portland Rosebuds
17%
Montreal Hockey Club (AAA Winged Wheelers) | Montreal Shamrocks | Ottawa Hockey Club (Silver Sevens) Queen's University
17%
Ottawa Hockey Club (Silver Sevens) Smiths Falls Hockey Club
17%
Winnipeg Victorias Toronto Wellingtons
17%
Ottawa Hockey Club (Silver Sevens) Dawson City Nuggets
8%
Ottawa Hockey Club (Senators) Galt Hockey Club (Professionals)
8%
Montreal Shamrocks Halifax Crescents
8%
Montreal Wanderers New Glasgow Cubs
8%
Ottawa Hockey Club (Senators) Port Arthur Bearcats
8%
Ottawa Hockey Club (Silver Sevens) Toronto Marlboros
8%
Toronto Hockey Club (Blueshirts) Victoria Aristocrats
8%
Kenora Thistles | Ottawa Hockey Club (Silver Sevens) Wheat City Hockey Club
8%
Ottawa Hockey Club (Silver Sevens) Winnipeg Rowing Club
8%
No matching quizzes found
Score Distribution
Percent of People with Each Score
Percentile by Number Answered
Your Score History
You have not taken this quiz